000 00283nam a22001217a 4500
008 180315b xxu||||| |||| 00| 0 eng d
041 _aeng
080 _a62
100 _a26
101 _aMEK
245 _aApplied mechanics for engineering technology
_cWalker,K.M
942 _2udc
_cBK
999 _c45116
_d45116